| 000 | 01070nam a2200277Ia 4500 | ||
|---|---|---|---|
| 001 | H9004 | ||
| 003 | IT-RoPAU | ||
| 008 | 130308s9999 xx 000 0 und d | ||
| 040 | _aIT-RoPAU | ||
| 040 | _cIT-RoPAU | ||
| 041 | _aITALIANO | ||
| 100 | _aFerraris Maurizio | ||
| 100 | _gCodice Aut. SPICS: 14911 | ||
| 245 | _aPiangere e ridere davvero - Feuilleton | ||
| 245 | _bPiangere e ridere Davvero - Feuilleton | ||
| 250 | _a1a ed. | ||
| 260 | _bIl Melangolo | ||
| 260 | _c2009 [1° Ed.:2009 - Ed.Ling.Originale:2009] | ||
| 300 | _a"100 p. (prefazione: no ; testo: 100 [pagine: 0-0])" | ||
| 500 | _aPrimo Abbozzo di Questo feuilleton Sono State Due conferenze Tenute a Ginevra. I Capitoletti di Questo Libro Sono Usciti a Puntate settimanali tra L'Autunno Scorso e Questa Primavera su torino 7, Supplemento locale De la Stampa nella rubrica Metaphysical club che l'autore Tiene con Lo Pseudonimo Diperry Mail. | ||
| 650 | _aPSICOLOGIA DELLA COMUNICAZIONE SOCIALE | ||
| 650 | _eCodice materia Spics: 3805 | ||
| 942 | _cBK | ||
| 957 | _71 | ||
| 999 |
_c89328 _d89328 |
||
| 999 | _g1 | ||